UBT Library

Udhëtimi i Fundit (Record no. 60803)

000 -LEADER
fixed length control field 00292nam a22001337a 4500
008 - FIXED-LENGTH DATA ELEMENTS--GENERAL INFORMATION
fixed length control field 260218b ||||| |||| 00| 0 eng d
020 ## - INTERNATIONAL STANDARD BOOK NUMBER
International Standard Book Number 9951050158
041 ## - LANGUAGE CODE
Language code of text/sound track or separate title eng
080 ## - UNIVERSAL DECIMAL CLASSIFICATION NUMBER
Universal Decimal Classification number 821.18
100 ## - Rafti
Rafti 20.1
101 ## - Shkurtesa
Shkurtesa roman
245 ## - TITLE STATEMENT
Title Udhëtimi i Fundit
Statement of responsibility, etc Adem Gashi
942 ## - ADDED ENTRY ELEMENTS (KOHA)
Source of classification or shelving scheme
Item type Books
Holdings
Withdrawn status Lost status Source of classification or shelving scheme Damaged status Not for loan Collection code Permanent location Current location Shelving location Date acquired Total Checkouts Barcode Date last seen Price effective from Koha item type
          Koleksioni i përgjithshem UBT - Lipjan UBT - Lipjan Koleksioni i përgjithshem 02/18/2026   002-800070999512 02/18/2026 02/18/2026 Books
          Koleksioni i përgjithshem UBT - Lipjan UBT - Lipjan   02/18/2026   002-800070999500 02/18/2026 02/18/2026 Books
          Koleksioni i përgjithshem UBT - Lipjan UBT - Lipjan   02/18/2026   002-800070999486 02/18/2026 02/18/2026 Books
          Koleksioni i përgjithshem UBT - Lipjan UBT - Lipjan   02/18/2026   002-800070999480 02/18/2026 02/18/2026 Books
          Koleksioni i përgjithshem UBT - Lipjan UBT - Lipjan   02/18/2026   002-800070999481 02/18/2026 02/18/2026 Books
          Koleksioni i përgjithshem UBT - Lipjan UBT - Lipjan   02/18/2026   002-800070999482 02/18/2026 02/18/2026 Books
          Koleksioni i përgjithshem UBT - Lipjan UBT - Lipjan   02/18/2026   002-800070999483 02/18/2026 02/18/2026 Books
          Koleksioni i përgjithshem UBT - Lipjan UBT - Lipjan   02/20/2026   002-800070999542 02/20/2026 02/20/2026 Books
          Koleksioni i përgjithshem UBT - Lipjan UBT - Lipjan   02/20/2026   002-800070999543 02/20/2026 02/20/2026 Books
          Koleksioni i përgjithshem UBT - Lipjan UBT - Lipjan   02/20/2026   002-800070999544 02/20/2026 02/20/2026 Books
          Koleksioni i përgjithshem UBT - Lipjan UBT - Lipjan   02/20/2026   002-800070999545 02/20/2026 02/20/2026 Books
          Koleksioni i përgjithshem UBT - Lipjan UBT - Lipjan   03/09/2026   003-80007099941 03/09/2026 03/09/2026 Books
          Koleksioni i përgjithshem UBT - Lipjan UBT - Lipjan   04/21/2026   003-800070999103 04/21/2026 04/21/2026 Books
          Koleksioni i përgjithshem UBT - Lipjan UBT - Lipjan   04/21/2026   003-800070999104 04/21/2026 04/21/2026 Books
          Koleksioni i përgjithshem UBT - Lipjan UBT - Lipjan   04/28/2026   003-800070999316 04/28/2026 04/28/2026 Books
          Koleksioni i përgjithshem UBT - Lipjan UBT - Lipjan   04/28/2026   003-800070999317 04/28/2026 04/28/2026 Books
          Koleksioni i përgjithshem UBT - Lipjan UBT - Lipjan   04/28/2026   003-800070999318 04/28/2026 04/28/2026 Books
          Koleksioni i përgjithshem UBT - Lipjan UBT - Lipjan   04/28/2026   003-800070999319 04/28/2026 04/28/2026 Books
UBT Library © 2015-2024. All rights reserved University Education for Business and Technology